| 000 | 00833nam a22002537a 4500 | ||
|---|---|---|---|
| 001 | 10062 | ||
| 003 | FISKH | ||
| 005 | 20260402152712.0 | ||
| 008 | 260402b cb ||||| |||| 00| 0 eng d | ||
| 020 | _a9788183883160 | ||
| 040 |
_aFISKH _beng _cFISKH _dFISKH |
||
| 082 | _a306.85 | ||
| 100 | _aAnonymous | ||
| 245 | _aMy pre-school book of my family / | ||
| 260 |
_aChennai : _bSpider Books, _c[ } |
||
| 300 |
_a6 unnumbered pages : _bcolor illustrations ; _c25 cm |
||
| 505 | _aaa | ||
| 520 | _aA preschool picture book that introduces young children to family members and family relationships through simple text and colorful illustrations. | ||
| 521 | 8 |
_a70
_bLexile estimate |
|
| 521 | 8 |
_aaa
_bRaz-Plus |
|
| 650 |
_aFamily _vPicture book _xEarly learning _yPreschool |
||
| 942 |
_2ddc _cBK _n0 |
||
| 999 |
_c10062 _d10062 |
||